000 00408nam a2200145Ia 4500
008 220216s9999 xx 000 0 und d
100 _aNadarajah M
245 0 _aStepping up of latex crepe production in excisting factories
260 _bRubber Research Institute of Sri Lanka Bulletin
_c1974
300 _a56-60
650 _aLatex crepe
650 _aSri Lanka
700 _aMuthukuda D S
942 _cJS
999 _c69314
_d69314